[Event "ROU-chT Women Superliga 2018"]
[Site "Sovata"]
[Date "2018.11.27"]
[Round "3"]
[White "Rendi, Eva"]
[Black "Yugina, Maria"]
[Result "0-1"]
[WhiteElo "2015"]
[BlackElo "2129"]
[Annotator "ChessBase"]
[PlyCount "108"]
[EventDate "2018.11.24"]
[EventType "team-tourn"]
[EventCountry "ROU"]
[SourceTitle "playchess.com"]
[Source "ChessBase"]
[SourceQuality "1"]
[TimeControl "40/5400+30:1800+30"]

1. e4 {[%emt 0:00:00]} e6 {[%emt 0:01:32]} 2. d4 {[%emt 0:01:14]} d5 {[%emt 0:00:27]} 3. exd5 {[%emt 0:01:52]} exd5 {[%emt 0:00:28]} 4. Bd3 {[%emt 0:00:14]} c5 {[%emt 0:02:05]} 5. dxc5 {[%emt 0:10:13]} Bxc5 {[%emt 0:00:50]} 6. Nf3 {[%emt 0:00:30]} Nf6 {[%emt 0:00:39]} 7. Qe2+ {[%emt 0:07:09]} Be7 {[%emt 0:06:45]} 8. O-O {[%emt 0:04:46]} O-O {[%emt 0:00:09]} 9. Bf4 {[%emt 0:10:20]} Nc6 {[%emt 0:01:46]} 10. c3 {[%emt 0:01:33]} Bg4 {[%emt 0:07:57]} 11. h3 {[%emt 0:04:32]} Bh5 {[%emt 0:01:03]} 12. Qe3 {[%emt 0:07:05]} Re8 {[%emt 0:03:31]} 13. Nd4 {[%emt 0:14:35]} Bc5 {[%emt 0:29:01]} 14. Qd2 {[%emt 0:02:52]} Ne4 {[%emt 0:05:07]} 15. Bxe4 {[%emt 0:03:06]} Rxe4 {[%emt 0:01:51]} 16. Nxc6 {[%emt 0:05:15]} bxc6 {[%emt 0:00:40]} 17. b4 {[%emt 0:02:32]} Bb6 {[%emt 0:00:39]} 18. Na3 {[%emt 0:01:36]} Qf6 {[%emt 0:06:09]} 19. Bg5 {[%emt 0:05:06]} Qd6 {[%emt 0:03:24]} 20. Rae1 {[%emt 0:01:53]} Bc7 {[%emt 0:06:13]} 21. f4 {[%emt 0:04:55]} Rxe1 {[%emt 0:01:33]} 22. Qxe1 {[%emt 0:05:00]} f6 {[%emt 0:00:24]} 23. Bh4 {[%emt 0:01:47]} Re8 {[%emt 0:00:19]} 24. Qc1 {[%emt 0:00:42]} Be2 {[%emt 0:03:02]} 25. Re1 {[%emt 0:00:49]} Qxf4 {[%emt 0:02:53]} 26. Qxf4 {[%emt 0:00:04]} Bxf4 {[%emt 0:00:07]} 27. Kf2 {[%emt 0:01:03]} Bh5 {[%emt 0:00:12]} 28. g4 {[%emt 0:01:14]} Rxe1 {[%emt 0:00:54]} 29. Kxe1 {[%emt 0:00:04]} Bg6 {[%emt 0:00:15]} 30. Kd1 {[%emt 0:00:36]} Bd3 {[%emt 0:06:03]} 31. Bf2 {[%emt 0:00:28]} a6 {[%emt 0:00:39]} 32. Nc2 {[%emt 0:00:11]} Bxc2+ {[%emt 0:02:32]} 33. Kxc2 {[%emt 0:00:04]} Bc7 {[%emt 0:00:14]} 34. Kd3 {[%emt 0:00:22]} Kf7 {[%emt 0:00:08]} 35. c4 {[%emt 0:01:13]} Ke6 {[%emt 0:00:19]} 36. a4 {[%emt 0:00:19]} g6 {[%emt 0:01:31]} 37. a5 {[%emt 0:00:59]} f5 {[%emt 0:03:13]} 38. Kd4 {[%emt 0:00:49]} dxc4 {[%emt 0:00:30]} 39. Kxc4 {[%emt 0:00:15]} Bd6 {[%emt 0:00:21]} 40. Be1 {[%emt 0:00:00]} f4 {[%emt 0:00:00]} 41. Kd4 {[%emt 0:01:49]} f3 {[%emt 0:12:51]} 42. Ke3 {[%emt 0:04:03]} Kd5 {[%emt 0:00:26]} 43. Kxf3 {[%emt 0:00:32]} Kc4 {[%emt 0:00:10]} 44. h4 {[%emt 0:04:04]} Bxb4 {[%emt 0:00:22]} 45. Bxb4 {[%emt 0:01:31]} Kxb4 {[%emt 0:00:08]} 46. Kf4 {[%emt 0:00:05]} c5 {[%emt 0:00:59]} 47. Kg5 {[%emt 0:00:25]} c4 {[%emt 0:00:09]} 48. Kh6 {[%emt 0:00:04]} c3 {[%emt 0:00:08]} 49. Kxh7 {[%emt 0:00:05]} c2 {[%emt 0:00:35]} 50. Kxg6 {[%emt 0:00:22]} c1=Q {[%emt 0:00:13]} 51. h5 {[%emt 0:00:34]} Qc6+ {[%emt 0:00:39]} 52. Kg5 {[%emt 0:00:25]} Qd5+ {[%emt 0:00:17]} 53. Kf6 {[%emt 0:00:16]} Qf3+ {[%emt 0:00:35]} 54. Kg5 {[%emt 0:00:06]} Qf7 {[%emt 0:00:21]} 0-1

[Event "ROU-chT Women Superliga 2018"]
[Site "Sovata"]
[Date "2018.11.27"]
[Round "3"]
[White "Bucur, Denisa-Andreea"]
[Black "Ciungan, Diana-Alexandra"]
[Result "1-0"]
[WhiteElo "2012"]
[BlackElo "1863"]
[Annotator "NA"]
[PlyCount "57"]
[EventDate "2018.11.24"]
[EventType "team-tourn"]
[EventCountry "ROU"]
[SourceTitle "playchess.com"]
[Source "ChessBase"]
[SourceQuality "1"]
[TimeControl "40/5400+30:1800+30"]

1. d4 {[%emt 0:00:00]} Nf6 {[%emt 0:00:00]} 2. Nf3 {[%emt 0:00:00]} c5 {[%emt 0:00:08]} 3. d5 {[%emt 0:00:00]} b5 {[%emt 0:00:05]} 4. Bg5 {[%emt 0:00:07]} Qb6 {[%emt 0:00:05]} 5. e3 {[%emt 0:01:12]} Bb7 {[%emt 0:04:00]} 6. c4 {[%emt 0:00:26]} bxc4 {[%emt 0:00:22]} 7. Nc3 {[%emt 0:00:18]} Qxb2 {[%emt 0:01:15]} 8. Bxf6 {[%emt 0:00:17]} gxf6 {[%emt 0:00:27]} 9. Rc1 {[%emt 0:00:12]} Bg7 {[%emt 0:00:19]} 10. Bxc4 {[%emt 0:24:32]} Ba6 {[%emt 0:00:03]} 11. Nd2 $14 {[%emt 0:07:30]} O-O {[%emt 0:12:12]} 12. O-O {[%emt 0:06:03]} Qb4 {[%emt 0:15:50]} 13. Nce4 {[%emt 0:08:25]} d6 {[%emt 0:05:56]} 14. Ng3 {[%emt 0:03:33]} Qb7 {[%emt 0:25:02]} 15. Nf5 {[%emt 0:16:34]} e6 {[%emt 0:09:27]} 16. dxe6 {[%emt 0:05:46]} Bxc4 {[%emt 0:00:05]} 17. Rb1 {[%emt 0:13:08]} Qc7 {[%emt 0:05:43]} 18. e7 {[%emt 0:02:10]} Be6 {[%emt 0:00:07]} 19. exf8=Q+ {[%emt 0:00:37]} Bxf8 {[%emt 0:03:53]} 20. Qg4+ {[%emt 0:01:45]} Kh8 {[%emt 0:00:05]} 21. Ne4 {[%emt 0:00:37]} Qd8 {[%emt 0:02:02]} 22. Rfd1 {[%emt 0:03:03]} d5 {[%emt 0:06:24]} 23. Nxc5 {[%emt 0:00:30]} Qc8 {[%emt 0:01:34]} 24. Nxe6 {[%emt 0:00:12]} fxe6 {[%emt 0:00:07]} 25. Nd4 {[%emt 0:00:09]} f5 {[%emt 0:00:49]} 26. Qg3 {[%emt 0:00:30]} Nc6 {[%emt 0:01:27]} 27. Rdc1 {[%emt 0:01:35]} Nxd4 {[%emt 0:00:05]} 28. Qe5+ {[%emt 0:01:19]} Bg7 {[%emt 0:00:21]} 29. Rxc8+ {[%emt 0:00:07]} 1-0

[Event "ROU-chT Women Superliga 2018"]
[Site "Sovata"]
[Date "2018.11.27"]
[Round "3"]
[White "Baciu, Anca-Otilia"]
[Black "Sandu, Mihaela"]
[Result "0-1"]
[WhiteElo "1998"]
[BlackElo "2308"]
[Annotator "NA"]
[PlyCount "72"]
[EventDate "2018.11.24"]
[EventType "team-tourn"]
[EventCountry "ROU"]
[SourceTitle "playchess.com"]
[Source "ChessBase"]
[SourceQuality "1"]
[TimeControl "40/5400+30:1800+30"]

1. e4 {[%emt 0:00:00]} c5 {[%emt 0:03:13]} 2. Nf3 {[%emt 0:00:00]} e6 {[%emt 0:00:10]} 3. d4 {[%emt 0:00:00]} cxd4 {[%emt 0:00:03]} 4. Nxd4 {[%emt 0:00:00]} a6 {[%emt 0:00:06]} 5. Nc3 {[%emt 0:00:05]} b5 {[%emt 0:00:06]} 6. Bd3 {[%emt 0:01:07]} Qb6 {[%emt 0:00:07]} 7. Nb3 {[%emt 0:00:23]} Qc7 {[%emt 0:00:04]} 8. O-O {[%emt 0:00:59]} Bb7 {[%emt 0:00:11]} 9. Qe2 {[%emt 0:00:25]} Nc6 {[%emt 0:04:08] B43: Sicilian: Kan Variation: 5 Nc3} (9... Nf6 10. f4 d6 11. Kh1 Nbd7 12. Bd2 Nc5 13. Nxc5 dxc5 14. e5 Nd5 15. Nxd5 Bxd5 16. c4 bxc4 17. Bxc4 {1-0 (31) Movsesian,S (2702)-Pantsulaia,L (2595) Plovdiv 2012}) 10. Bd2 {[%emt 0:03:59]} Nf6 {[%emt 0:01:20]} 11. f4 {[%emt 0:04:00]} b4 {[%emt 0:01:56]} 12. Na4 {[%emt 0:03:51]} Be7 {[%emt 0:17:16]} 13. Kh1 $146 {[%emt 0:02:20]} ({Predecessor:} 13. e5 Nd5 14. Rae1 g6 15. Kh1 Na5 16. Nd4 {½-½ (46) Nataf,I (2527)-Wahls,M (2580) Germany 2002}) 13... O-O {[%emt 0:08:17]} 14. Rae1 {[%emt 0:07:25]} d5 {[%emt 0:13:38]} 15. e5 {[%emt 0:13:29]} Ne4 {[%emt 0:04:17]} 16. Be3 {[%emt 0:06:07]} Nd8 {[%emt 0:11:50]} 17. Nd4 {[%emt 0:13:00]} g6 {[%emt 0:05:32]} 18. Rf3 {[%emt 0:05:00]} Qa5 {[%emt 0:07:12]} 19. b3 {[%emt 0:01:23]} Qc7 {[%emt 0:00:04]} 20. Rh3 {[%emt 0:02:05]} Nc6 $16 {[%emt 0:02:31]} 21. Qg4 {[%emt 0:10:21]} Nxd4 {[%emt 0:02:31]} 22. Bxd4 {[%emt 0:00:08]} Bc6 {[%emt 0:02:38]} 23. Rh6 {[%emt 0:07:46]} Rfe8 {[%emt 0:06:27]} 24. Qh3 {[%emt 0:08:06]} Bf8 {[%emt 0:00:05]} 25. Rxh7 {[%emt 0:00:09]} Bg7 {[%emt 0:00:04]} 26. Nc5 {[%emt 0:04:28]} Nxc5 {[%emt 0:00:36]} 27. Bxc5 {[%emt 0:00:07]} Bb5 {[%emt 0:00:17]} 28. Bxb4 {[%emt 0:03:24]} Bxd3 {[%emt 0:00:04]} 29. cxd3 {[%emt 0:00:04]} Qb6 {[%emt 0:06:16]} 30. Bd2 {[%emt 0:01:07]} Qf2 {[%emt 0:00:39]} 31. Ba5 {[%emt 0:03:15]} Qxa2 {[%emt 0:01:01]} 32. Bc7 {[%emt 0:00:39]} Rac8 {[%emt 0:00:33]} 33. Bd6 {[%emt 0:00:16]} Qd2 {[%emt 0:00:59]} 34. Rg1 {[%emt 0:00:41]} Rc1 {[%emt 0:00:21]} 35. Qh4 {[%emt 0:00:27]} Qe3 {[%emt 0:00:38]} 36. Rxg7+ {[%emt 0:00:43]} Kxg7 {[%emt 0:00:04]} 0-1

[Event "ROU-chT Women Superliga 2018"]
[Site "Sovata"]
[Date "2018.11.27"]
[Round "3"]
[White "Stanciu, Andreea-Briana"]
[Black "Panainte, Andreea-Bianca"]
[Result "0-1"]
[WhiteElo "1953"]
[BlackElo "1946"]
[Annotator "NA"]
[PlyCount "78"]
[EventDate "2018.11.24"]
[EventType "team-tourn"]
[EventCountry "ROU"]
[SourceTitle "playchess.com"]
[Source "ChessBase"]
[SourceQuality "1"]
[TimeControl "40/5400+30:1800+30"]

1. e4 {[%emt 0:01:11]} e6 {[%emt 0:00:00]} 2. d4 {[%emt 0:00:37]} d5 {[%emt 0:00:00]} 3. Nd2 {[%emt 0:00:04]} c5 {[%emt 0:00:00]} 4. Ngf3 {[%emt 0:00:54]} Nc6 {[%emt 0:00:43]} 5. exd5 {[%emt 0:02:03]} Qxd5 {[%emt 0:00:08]} 6. Bc4 {[%emt 0:00:27]} Qd7 {[%emt 0:00:05]} 7. dxc5 {[%emt 0:00:32]} Bxc5 {[%emt 0:00:21]} 8. O-O {[%emt 0:00:17]} Nf6 {[%emt 0:00:44]} 9. c3 {[%emt 0:01:38]} O-O {[%emt 0:00:45]} 10. Qe2 {[%emt 0:01:15]} Ne7 {[%emt 0:14:37]} 11. Nb3 {[%emt 0:04:32]} Bd6 {[%emt 0:01:12]} 12. Nbd4 {[%emt 0:00:22]} a6 {[%emt 0:01:59]} 13. Re1 {[%emt 0:13:29]} Ned5 {[%emt 0:02:34]} 14. Ne5 $11 {[%emt 0:05:09]} Bxe5 {[%emt 0:04:50]} 15. Qxe5 {[%emt 0:00:11]} b5 {[%emt 0:05:53]} 16. Bd3 {[%emt 0:06:03]} h6 {[%emt 0:06:00]} 17. Qg3 {[%emt 0:01:39]} Kh8 {[%emt 0:02:07]} 18. Qh4 {[%emt 0:02:47]} Ng8 {[%emt 0:17:28]} 19. g4 {[%emt 0:11:11]} Bb7 {[%emt 0:13:29]} 20. g5 {[%emt 0:01:06]} g6 {[%emt 0:01:17]} 21. gxh6 {[%emt 0:00:32]} Kh7 {[%emt 0:02:31]} 22. Qg3 {[%emt 0:02:43]} Ndf6 {[%emt 0:05:59]} 23. Bg5 {[%emt 0:03:57]} Qd5 {[%emt 0:01:26]} 24. f3 {[%emt 0:00:14]} Nh5 {[%emt 0:02:12]} 25. Qh4 {[%emt 0:07:26]} e5 {[%emt 0:11:19]} 26. Be4 {[%emt 0:03:20]} Qd7 {[%emt 0:00:07]} 27. Nb3 {[%emt 0:02:26]} Bxe4 {[%emt 0:00:16]} 28. fxe4 {[%emt 0:06:58]} Nxh6 {[%emt 0:02:11]} 29. Rad1 {[%emt 0:01:54]} Qe6 {[%emt 0:01:02]} 30. Rd5 {[%emt 0:03:07]} f6 {[%emt 0:00:18]} 31. Be3 {[%emt 0:02:02]} Qg4+ {[%emt 0:02:33]} 32. Qxg4 {[%emt 0:00:06]} Nxg4 {[%emt 0:00:05]} 33. Rd7+ {[%emt 0:00:06]} Kg8 {[%emt 0:01:00]} 34. Bb6 {[%emt 0:01:27]} Nf4 {[%emt 0:00:47]} 35. Nc5 {[%emt 0:04:10]} f5 {[%emt 0:00:33]} 36. Rd6 {[%emt 0:00:56]} Rf7 {[%emt 0:00:16]} 37. Ne6 {[%emt 0:01:26]} Rf6 {[%emt 0:00:43]} 38. Nc7 {[%emt 0:01:08]} Rxd6 {[%emt 0:00:15]} 39. Nxa8 {[%emt 0:00:05]} Rd2 {[%emt 0:00:14]} 0-1

[Event "ROU-chT Women Superliga 2018"]
[Site "Sovata"]
[Date "2018.11.27"]
[Round "3"]
[White "Firaru, Roxana-Maria"]
[Black "Anton, Ana-Roxana"]
[Result "0-1"]
[WhiteElo "1943"]
[BlackElo "1860"]
[Annotator "NA"]
[PlyCount "92"]
[EventDate "2018.11.24"]
[EventType "team-tourn"]
[EventCountry "ROU"]
[SourceTitle "playchess.com"]
[Source "ChessBase"]
[SourceQuality "1"]
[TimeControl "40/5400+30:1800+30"]

1. e4 {[%emt 0:00:48]} e6 {[%emt 0:00:00]} 2. d4 {[%emt 0:00:07]} d5 {[%emt 0:00:00]} 3. Nd2 {[%emt 0:00:47]} Nf6 {[%emt 0:05:52]} 4. e5 {[%emt 0:00:47]} Nfd7 {[%emt 0:00:04]} 5. Ngf3 {[%emt 0:00:16]} c5 {[%emt 0:01:24]} 6. c3 {[%emt 0:03:36]} b6 {[%emt 0:02:36]} 7. Be2 {[%emt 0:00:58]} Ba6 {[%emt 0:00:10] C05: French Tarrasch: 3...Nf6 4 e5 Nfd7, 5 f4 and 5 Bd3 sidelines} 8. O-O {[%emt 0:03:02]} Be7 {[%emt 0:02:51]} 9. Re1 {[%emt 0:01:59]} (9. c4 cxd4 10. Re1 dxc4 11. Nxc4 Nc6 12. Nxd4 Nxd4 13. Qxd4 O-O 14. Qg4 {1-0 (62) Bogner,S (2589)-Pelletier,Y (2544) Switzerland 2017}) 9... O-O {[%emt 0:09:16]} 10. Nf1 {[%emt 0:02:53]} Re8 $146 {[%emt 0:16:54]} ({Predecessor:} 10... Bxe2 11. Qxe2 a5 12. h3 Nc6 13. Be3 Rb8 14. N3h2 b5 15. Qg4 {1-0 (37) Anaskin,A (1916)-Eret,J (1898) Czechia 2013}) 11. Bxa6 {[%emt 0:17:38]} Nxa6 {[%emt 0:00:15]} 12. Qa4 {[%emt 0:00:29]} Nc7 {[%emt 0:01:17]} 13. dxc5 {[%emt 0:05:06]} bxc5 {[%emt 0:10:41]} 14. Qg4 {[%emt 0:01:16]} f5 {[%emt 0:06:58]} 15. Qg3 {[%emt 0:03:52]} Nf8 {[%emt 0:02:02]} 16. h4 {[%emt 0:02:47]} Kh8 {[%emt 0:12:15]} 17. h5 {[%emt 0:07:11]} h6 {[%emt 0:04:14]} 18. N1h2 {[%emt 0:04:58]} Nh7 {[%emt 0:03:34]} 19. Be3 {[%emt 0:05:36]} Rf8 {[%emt 0:01:50]} 20. Rad1 {[%emt 0:06:15]} a5 {[%emt 0:02:24]} 21. Rd2 {[%emt 0:11:03]} a4 {[%emt 0:00:30]} 22. Red1 {[%emt 0:01:44]} Rb8 {[%emt 0:01:04]} 23. Qf4 {[%emt 0:05:30]} Qe8 {[%emt 0:00:44]} 24. g4 {[%emt 0:04:14]} Ng5 {[%emt 0:03:11]} 25. Kh1 {[%emt 0:03:07]} Ne4 {[%emt 0:00:51]} 26. Rc2 {[%emt 0:01:20]} a3 {[%emt 0:05:01]} 27. b3 {[%emt 0:00:22]} Nb5 {[%emt 0:00:07]} 28. Rdc1 {[%emt 0:03:03]} Nbxc3 {[%emt 0:03:20]} 29. Rxc3 {[%emt 0:00:40]} Nxc3 {[%emt 0:00:06]} 30. Rxc3 {[%emt 0:00:14]} d4 {[%emt 0:00:04]} 31. Nxd4 {[%emt 0:02:38]} cxd4 {[%emt 0:00:04]} 32. Qxd4 {[%emt 0:00:54]} Rb4 {[%emt 0:01:17]} 33. Qd2 {[%emt 0:00:23]} fxg4 {[%emt 0:02:09]} 34. Bxh6 {[%emt 0:00:22]} Qxh5 {[%emt 0:01:27]} 35. Bxg7+ {[%emt 0:00:47]} Kxg7 {[%emt 0:00:43]} 36. Rc7 {[%emt 0:00:01]} Qf7 {[%emt 0:01:55]} 37. Qe2 {[%emt 0:01:16]} Rf4 {[%emt 0:00:39]} 38. Kg1 {[%emt 0:00:27]} Re8 {[%emt 0:00:30]} 39. Nxg4 {[%emt 0:00:15]} Qg6 {[%emt 0:00:37]} 40. f3 {[%emt 0:00:00]} Rxg4+ {[%emt 0:00:00]} 41. fxg4 {[%emt 0:00:06]} Kg8 {[%emt 0:02:24]} 42. Kg2 {[%emt 0:01:38]} Bf8 {[%emt 0:04:55]} 43. Ra7 {[%emt 0:01:56]} Rc8 {[%emt 0:00:54]} 44. Qf3 {[%emt 0:07:15]} Qc2+ {[%emt 0:07:09]} 45. Kf1 {[%emt 0:02:13]} Qb1+ $19 {[%emt 0:01:42]} (45... Qc1+ $142 46. Kg2 Rc2+ {[%mdl 64] Double Attack} 47. Kg3 Qg1+ {[%mdl 64] Double Attack} 48. Kh4 Rh2+ 49. Kg5 Qxa7 50. Kf4 Bh6+ 51. Ke4 Rd2 52. Qf8+ Kxf8 53. g5 Qf2 54. gxh6 Rd4#) 46. Kg2 {[%emt 0:00:22]} Qb2+ {[%emt 0:01:25]} 0-1

[Event "ROU-chT Women Superliga 2018"]
[Site "Sovata"]
[Date "2018.11.27"]
[Round "3"]
[White "Nastase, Andreea-Cristina"]
[Black "Aciu, Malina-Andreea"]
[Result "0-1"]
[WhiteElo "1900"]
[BlackElo "1976"]
[Annotator "NA"]
[PlyCount "60"]
[EventDate "2018.11.24"]
[EventType "team-tourn"]
[EventCountry "ROU"]
[SourceTitle "playchess.com"]
[Source "ChessBase"]
[SourceQuality "1"]
[TimeControl "40/5400+30:1800+30"]

1. d4 {[%emt 0:00:11]} d5 {[%emt 0:00:00]} 2. c4 {[%emt 0:00:05]} dxc4 {[%emt 0:00:00]} 3. e3 {[%emt 0:00:33]} e5 {[%emt 0:00:00]} 4. Bxc4 {[%emt 0:01:42]} exd4 {[%emt 0:00:00]} 5. Nf3 {[%emt 0:02:29]} Bd6 {[%emt 0:05:38]} 6. Nxd4 {[%emt 0:06:11]} Nf6 {[%emt 0:02:21]} 7. Nc3 {[%emt 0:00:11]} a6 {[%emt 0:03:33]} 8. Qf3 {[%emt 0:04:19]} O-O {[%emt 0:06:25]} 9. h3 {[%emt 0:02:02]} Nbd7 {[%emt 0:06:04]} 10. Bb3 {[%emt 0:10:05]} c5 {[%emt 0:03:31]} 11. Nc2 {[%emt 0:06:34]} Ne5 {[%emt 0:01:48]} 12. Qe2 {[%emt 0:00:11]} b5 {[%emt 0:06:04]} 13. Bd5 {[%emt 0:02:24]} Nxd5 {[%emt 0:03:27]} 14. Nxd5 {[%emt 0:00:04]} Bb7 {[%emt 0:01:13]} 15. e4 {[%emt 0:01:55]} f5 {[%emt 0:05:33]} 16. O-O {[%emt 0:04:34]} Qh4 {[%emt 0:09:06]} 17. f4 {[%emt 0:07:36]} Ng6 {[%emt 0:08:54]} 18. exf5 {[%emt 0:02:01]} Bxd5 {[%emt 0:01:31]} 19. fxg6 {[%emt 0:00:06]} Bc4 {[%emt 0:03:35]} 20. Qf2 {[%emt 0:02:54]} Qxf2+ {[%emt 0:00:50]} 21. Rxf2 {[%emt 0:00:04]} hxg6 {[%emt 0:00:04]} 22. b3 {[%emt 0:03:14]} Bd3 {[%emt 0:01:28]} 23. Ne1 {[%emt 0:01:34]} Be4 {[%emt 0:00:59]} 24. Be3 {[%emt 0:01:49]} Rfe8 {[%emt 0:03:39]} 25. Rd2 {[%emt 0:02:11]} Bf8 {[%emt 0:01:28]} 26. Kf2 {[%emt 0:05:32]} Rac8 {[%emt 0:01:53]} 27. Nf3 {[%emt 0:11:31]} c4 {[%emt 0:04:21]} 28. bxc4 {[%emt 0:01:31]} bxc4 {[%emt 0:00:17]} 29. Rb2 {[%emt 0:02:08]} c3 {[%emt 0:01:48]} 30. Rb6 {[%emt 0:01:01]} Bxf3 {[%emt 0:00:50]} 0-1

[Event "ROU-chT Women Superliga 2018"]
[Site "Sovata"]
[Date "2018.11.27"]
[Round "3"]
[White "Pelin, Ana-Maria"]
[Black "Matasaru, Stephanie"]
[Result "1-0"]
[WhiteElo "1751"]
[BlackElo "1859"]
[Annotator "NA"]
[PlyCount "109"]
[EventDate "2018.11.24"]
[EventType "team-tourn"]
[EventCountry "ROU"]
[SourceTitle "playchess.com"]
[Source "ChessBase"]
[SourceQuality "1"]
[TimeControl "40/5400+30:1800+30"]

1. d4 {[%emt 0:00:00]} Nf6 {[%emt 0:00:00]} 2. c4 {[%emt 0:00:00]} g6 {[%emt 0:00:00]} 3. Nf3 {[%emt 0:00:00]} Bg7 {[%emt 0:00:01]} 4. g3 {[%emt 0:00:00]} O-O {[%emt 0:00:09]} 5. Bg2 {[%emt 0:00:00]} d6 {[%emt 0:00:09]} 6. O-O {[%emt 0:00:01]} Nbd7 {[%emt 0:00:09]} 7. Nc3 {[%emt 0:00:06]} e5 {[%emt 0:00:17]} 8. e4 {[%emt 0:00:16]} c6 {[%emt 0:01:36]} 9. h3 {[%emt 0:00:06]} Qa5 {[%emt 0:01:52]} 10. Be3 {[%emt 0:00:27]} exd4 {[%emt 0:01:38]} 11. Nxd4 {[%emt 0:00:16]} Nb6 {[%emt 0:02:01]} 12. Nb3 {[%emt 0:40:27] E69: King's Indian: Fianchetto: 6...Nbd7 7 0-0 e5 8 e4 c6 9 h3} Qh5 {[%emt 0:06:37]} 13. Qxh5 {[%emt 0:19:15]} Nxh5 {[%emt 0:00:39]} 14. g4 {[%emt 0:03:07]} Nf6 {[%emt 0:01:55] [#]} 15. Bxb6 $146 {[%emt 0:11:25]} ({Predecessor:} 15. Na5 Be6 16. Rfd1 Nfd7 17. Rac1 Nxc4 18. Nxc4 Bxc4 19. b3 Be6 {0-1 (72) Laznicka,V (2638)-Vachier Lagrave,M (2723) Sestao 2010}) 15... axb6 {[%emt 0:00:32]} 16. Rad1 {[%emt 0:00:47]} Rd8 {[%emt 0:08:43]} 17. Nd4 {[%emt 0:03:31]} Nd7 {[%emt 0:17:49]} 18. f4 {[%emt 0:00:23]} Bf6 {[%emt 0:06:13]} 19. b3 {[%emt 0:02:29]} Nc5 {[%emt 0:02:04]} 20. Nde2 {[%emt 0:02:09]} b5 {[%emt 0:06:56]} 21. cxb5 {[%emt 0:01:06]} cxb5 {[%emt 0:00:27]} 22. Rd2 {[%emt 0:01:24]} b4 {[%emt 0:12:43]} 23. Nd5 {[%emt 0:00:29]} Bg7 {[%emt 0:01:15]} 24. Nxb4 {[%emt 0:00:53]} Na6 {[%emt 0:04:31]} 25. Nd5 {[%emt 0:01:04]} Be6 {[%emt 0:02:06]} 26. Rfd1 {[%emt 0:05:44]} Bxd5 {[%emt 0:01:20]} 27. Rxd5 {[%emt 0:01:31]} Nb4 {[%emt 0:01:06]} 28. R5d2 {[%emt 0:01:19]} Rxa2 {[%emt 0:03:13]} 29. Rxa2 {[%emt 0:00:03]} Nxa2 {[%emt 0:00:08]} 30. e5 {[%emt 0:00:04]} Bf8 {[%emt 0:01:13]} 31. Bxb7 {[%emt 0:01:08]} Rb8 {[%emt 0:00:57]} 32. exd6 {[%emt 0:04:01]} Bxd6 {[%emt 0:01:39]} 33. Rxd6 {[%emt 0:00:05]} Rxb7 {[%emt 0:00:04]} 34. Rd3 {[%emt 0:00:11]} Nb4 {[%emt 0:01:00]} 35. Rf3 {[%emt 0:00:30]} Kg7 {[%emt 0:02:48]} 36. Kf2 {[%emt 0:00:48]} Re7 {[%emt 0:00:53]} 37. Ng3 {[%emt 0:01:45]} f6 {[%emt 0:01:25]} 38. Re3 {[%emt 0:01:19]} Rd7 {[%emt 0:01:09]} 39. Ne2 {[%emt 0:00:31]} Nd3+ {[%emt 0:01:32]} 40. Kf3 {[%emt 0:00:00]} Nb4 {[%emt 0:00:00]} 41. h4 {[%emt 0:03:50]} h6 {[%emt 0:04:02]} 42. Ng3 {[%emt 0:00:58]} Nc2 {[%emt 0:04:27]} 43. Rc3 {[%emt 0:00:26]} Nb4 {[%emt 0:00:54]} 44. f5 {[%emt 0:02:20]} g5 {[%emt 0:01:40]} 45. hxg5 {[%emt 0:01:47]} hxg5 {[%emt 0:00:23]} 46. Ne4 {[%emt 0:00:59]} Kf7 {[%emt 0:04:51]} 47. Nc5 {[%emt 0:02:25]} Re7 {[%emt 0:04:34]} 48. Ne6 {[%emt 0:01:29]} Nd5 {[%emt 0:01:09]} 49. Rc4 {[%emt 0:00:55]} Rd7 {[%emt 0:05:12] [#]} (49... Nb6 $16 {was called for.}) 50. Ke4 {[%emt 0:03:22]} ({White should play} 50. b4 $1 $18) 50... Ke7 {[%emt 0:00:37] [#]} (50... Nb6 $16 {is a better defense.}) 51. b4 $1 {[%emt 0:00:54]} Nb6 {[%emt 0:03:25]} 52. Rd4 {[%emt 0:04:35]} Rxd4+ $4 {[%emt 0:04:49]} (52... Ra7 $16 {is more resistant.} 53. Nd8 Rc7) 53. Kxd4 {[%emt 0:00:22]} ({Not} 53. Nxd4 Nc4 $16) 53... Kd6 {[%emt 0:00:42]} 54. Nc5 {[%emt 0:02:38]} Nd5 {[%emt 0:01:10]} 55. Ne4+ {[%emt 0:00:13]} 1-0